| 000 | 00608nam a2200205 i 4500 | ||
|---|---|---|---|
| 001 | 103538 | ||
| 003 | ES-MaACL | ||
| 005 | 20240426063031.0 | ||
| 007 | t| | ||
| 008 | 060404s1980 pr ||||1| spa d | ||
| 080 | _a821.134.2(729.5)-14"19" | ||
| 100 | 0 |
_aMatos Paoli, Francisco, _d1915-2000 _979096 |
|
| 245 | 1 | 0 |
_aJardín vedado / _cFrancisco Matos Paoli. |
| 260 |
_aRío Piedras, Puerto Rico : _bGeAse, _c[1980] |
||
| 300 |
_a153 p. ; _c17 cm. |
||
| 490 | 1 | _aColección libre | |
| 830 | 0 |
_aColección libre _9184773 |
|
| 852 |
_aES-MaACL _jC-56822 _bR.137381 |
||
| 999 |
_c103538 _d103538 |
||